Oxford American handbook of anesthesiology / (رقم التسجيلة. 27911)

تفاصيل مارك
000 -الفاتح
حقل البيانات ثابتة الطول 01461cam a22003974a 4500
001 - رقم الضبط
رقم الضبط 175286412
003 - محدد رقم الضبط
رقم الضبط OSt
005 - وقت وتاريخ اخر تعامل مع التسجيلة
رقم الضبط 20150408114118.0
008 - عناصر البيانات ثابتة الطول - معلومات عامة
حقل البيانات ثابتة الطول 071017s2008 enka bf 001 0 eng
010 ## - رقم ضبط مكتبة الكونجرس
رقم ضبط مكتبة الكونجرس 2007043122
020 ## - الرقم الدولى المعيارى للكتب
الرقم الدولى المعيارى للكتاب 9780195301205 (alk. paper)
020 ## - الرقم الدولى المعيارى للكتب
الرقم الدولى المعيارى للكتاب 019530120X (alk. paper)
035 ## - رقم ضبط النظام
رقم ضبط النظام (OCoLC)175286412
040 ## - مصدر الفهرسة
وكالة الفهرسة الأصلية Ma-Un
042 ## - رمز التحقق
رمز التحقق pcc
050 00 - رقم طلب مكتبة الكونجرس
رقم التصنيف RD82.2
رقم المادة .M42 2008
060 10 - رقم الطلب بالمكتبة الطبية الوطنية
رقم التصنيف WO 39
رقم المادة M4787o 2008
082 00 - رقم تصنيف ديوى العشرى
رقم التصنيف 617.96
رقم الطبعة 22
100 1# - المدخل الرئيسى - إسم شخصى
الإسم الشخصى McQuillan, Patrick M.
9 (RLIN) 21362
245 10 - بيان العنوان
العنوان Oxford American handbook of anesthesiology /
بيان المسئوليه,etc Patrick M. McQuillan ; with Keith G. Allman, Iain H. Wilson.
246 30 - العنوان الموازى
عنوان صحيح/عنوان مختصر Handbook of anesthesiology.
260 ## - PUBLICATION, DISTRIBUTION, ETC. (IMPRINT)
مكان الناشر او الموزع Oxford ;
-- New York :
اسم الناشر او الموزع Oxford University Press,
تاريخ النشر أو التوزيع 2008.
300 ## - الوصف المادى
التعداد xxii, 1194 p. :
تفاصيل ماديه اخرى للوعاء ill. ;
أبعاد الوعاء 19 cm.
440 #0 - بيان السلسلة/مدخل إضافى-العنوان
العنوان Oxford American handbooks.
440 #0 - بيان السلسلة/مدخل إضافى-العنوان
العنوان Oxford medical publications.
9 (RLIN) 17607
500 ## - تبصرة عامة
تبصرة عامة Adapted from: Oxford handbook of anaesthesia / edited by Keith G. Allman and Iain H. Wilson. 2nd ed. 2006.
504 ## - تبصرة ببليوجرافية
تبصرة ببليوجرافية,الخ Includes bibliographical references and index.
650 #0 - المدخل الاضافى بالموضوع-مصطلح موضوعى
مصطلح موضوعي أو اسم جغرافي كعنصر مدخل Anesthesiology
التقسيم الفرعي الشكلي Handbooks, manuals, etc.
9 (RLIN) 10743
650 #2 - المدخل الاضافى بالموضوع-مصطلح موضوعى
مصطلح موضوعي أو اسم جغرافي كعنصر مدخل Anesthesia
التقسيم الفرعي العام methods
التقسيم الفرعي الشكلي Handbooks.
9 (RLIN) 21363
650 #2 - المدخل الاضافى بالموضوع-مصطلح موضوعى
مصطلح موضوعي أو اسم جغرافي كعنصر مدخل Anesthetics
التقسيم الفرعي الشكلي Handbooks.
9 (RLIN) 10742
650 #2 - المدخل الاضافى بالموضوع-مصطلح موضوعى
مصطلح موضوعي أو اسم جغرافي كعنصر مدخل Surgical Procedures, Operative
التقسيم الفرعي الشكلي Handbooks.
9 (RLIN) 21364
700 1# - المدخل الاضافى - اسم شخصى
الإسم الشخصى Allman, Keith.
9 (RLIN) 21365
700 1# - المدخل الاضافى - اسم شخصى
الإسم الشخصى Wilson, Iain,
العنوان والكلمات الأخرى المصاحبة للاسم Dr.
9 (RLIN) 21366
730 0# - المدخل الاضافى- عنوان موحد
عنوان موحد Oxford handbook of anaesthesia.
9 (RLIN) 21367
942 ## - عناصر المدخل الإضافي( كوها)
مصدر التصنيف او مخطط الترفيف Dewey Decimal Classification
Koha [default] item type كتاب
المقتنيات
حالة الفقد نموذج السعر الفعال حالة تلف ليس للاعارة رقم الطلب رقم النسخة تاريخ الاكتساب الموقع الحالي الباركود الفرع الرئيسي Date last seen نوع المادة فى نظام كوها مصدر التصنيف او خطة الترفيف Total Checkouts Total Renewals Date last checked out
  2013-03-10     617.96 MPO n1 2013-02-11 المكتبة المركزية بالمجمعة (CL) 00450267 المكتبة المركزية بالمجمعة (CL) 2013-03-10 كتاب Dewey Decimal Classification      
  2013-03-10     617.96 MPO n2 2013-02-11 المكتبة المركزية بالمجمعة (CL) 00450266 المكتبة المركزية بالمجمعة (CL) 2013-03-10 كتاب Dewey Decimal Classification      
  2013-03-10     617.96 MPO n3 2013-02-11 المكتبة المركزية بالمجمعة (CL) 00450268 المكتبة المركزية بالمجمعة (CL) 2016-09-18 كتاب Dewey Decimal Classification 1 1 2016-04-03